000
00349nam a2200133 a 4500
005
20140414132120.0
008
120822s19uu xx 00 eng d
050
_a
TR 372.3
_b
Ac188 2003
245
_a
Activity pages.
260
_a
Hunt Valley, Maryland :
_b
Calvert School,
_c
2003.
300
_a
50
650
_a
Science-activities.
999
_c
115044
_d
115044